[Event "ZN-2015-0-02984"]
[Site "LSS email"]
[Date "2015.02.05"]
[Round "?"]
[White "Kadirov, Roman"]
[Black "Lenz, Juergen"]
[Result "1-0"]
[WhiteElo "800"]
[BlackElo "1088"]
[PlyCount "55"]
[EventDate "2015.01.29"]
[EventType "match (corr)"]
[EventRounds "2"]
[EventCountry "GER"]
[SourceTitle "Corr 2022"]
[Source "ChessBase"]
[SourceDate "2021.10.24"]
[SourceVersion "1"]
[SourceVersionDate "2021.10.24"]
[SourceQuality "1"]

1. e4 Nf6 2. e5 Nd5 3. d4 d6 4. c4 Nb6 5. f4 g6 6. Nf3 Bg7 7. Be3 0-0 8. Be2 dxe5 9. fxe5 c5 10. d5 Bg4 11. Nbd2 N8d7 12. 0-0 Bxf3 13. Nxf3 Nxe5 14. Nxe5 Bxe5 15. Rb1 Qd6 16. Kh1 Bxh2 17. b4 Nd7 18. bxc5 Qc7 19. d6 exd6 20. Kxh2 dxc5+ 21. Bf4 Qc8 22. Bg4 f5 23. Qd5+ Kg7 24. Rxb7 Rf7 25. Bxf5 gxf5 26. Rf3 Qe8 27. Rg3+ Kh8 28. Rxd7 1-0

[Event "RN-2015-0-00921"]
[Site "LSS email"]
[Date "2015.02.03"]
[Round "?"]
[White "Bester, Kazimierz"]
[Black "Kadirov, Roman"]
[Result "0-1"]
[WhiteElo "723"]
[BlackElo "800"]
[PlyCount "78"]
[EventDate "2015.01.27"]
[EventType "tourn (corr)"]
[EventRounds "6"]
[EventCountry "GER"]
[SourceTitle "Corr 2022"]
[Source "ChessBase"]
[SourceDate "2021.10.24"]
[SourceVersion "1"]
[SourceVersionDate "2021.10.24"]
[SourceQuality "1"]

1. f4 Nf6 2. Nf3 d5 3. d3 Bg4 4. e3 e6 5. Be2 Be7 6. 0-0 0-0 7. h3 Bh5 8. Ne5 Bxe2 9. Qxe2 Nbd7 10. Nd2 Rc8 11. d4 c5 12. c3 Bd6 13. Nb3 cxd4 14. exd4 Ne4 15. Rf3 Ndf6 16. Kh2 h5 17. Be3 h4 18. Qb5 Rc7 19. Raf1 Ng3 20. Rg1 Nfe4 21. a3 a6 22. Qd3 Qf6 23. Nd2 Qf5 24. c4 f6 25. Ng4 Ng5 26. Qxf5 Nxf3+ 27. Nxf3 Nxf5 28. Bf2 Bxf4+ 29. Kh1 Rxc4 30. Rd1 Rfc8 31. Nxh4 Rc1 32. Rg1 Rxg1+ 33. Bxg1 Nxh4 34. Nf2 Rc2 35. Nd3 Nxg2 36. Nxf4 Nxf4 37. Be3 Nxh3 38. b4 b5 39. Bg1 Rc1 0-1

[Event "ZN-2015-0-02950"]
[Site "LSS email"]
[Date "2015.01.08"]
[Round "?"]
[White "Bieszk, Stanislaw"]
[Black "Kadirov, Roman"]
[Result "0-1"]
[WhiteElo "971"]
[BlackElo "800"]
[PlyCount "40"]
[EventDate "2015.01.04"]
[EventType "match (corr)"]
[EventRounds "2"]
[EventCountry "GER"]
[SourceTitle "Corr 2022"]
[Source "ChessBase"]
[SourceDate "2021.10.24"]
[SourceVersion "1"]
[SourceVersionDate "2021.10.24"]
[SourceQuality "1"]

1. c4 e5 2. d3 d5 3. cxd5 Qxd5 4. Nc3 Qd7 5. Nf3 Nc6 6. g3 Nf6 7. Bg2 Be7 8. 0-0 0-0 9. a3 Rd8 10. b4 Qf5 11. Bb2 Qh5 12. Rc1 e4 13. Ne1 Bh3 14. Qc2 Ng4 15. f3 Ne3 16. Qd2 Nc4 17. Qc2 Nd4 18. Qb1 Nd2 19. Qa2 Be6 20. Qa1 N4b3 0-1

[Event "ZN-2014-0-02939"]
[Site "LSS email"]
[Date "2015.01.01"]
[Round "?"]
[White "Kadirov, Roman"]
[Black "Venturas, Bob"]
[Result "1-0"]
[WhiteElo "1122"]
[BlackElo "745"]
[PlyCount "43"]
[EventDate "2014.12.29"]
[EventType "match (corr)"]
[EventRounds "2"]
[EventCountry "GER"]
[SourceTitle "Corr 2015"]
[Source "ChessBase"]
[SourceDate "2015.07.17"]
[SourceVersion "1"]
[SourceVersionDate "2015.07.17"]
[SourceQuality "1"]

1. e4 e5 2. Nf3 Nc6 3. Bb5 Qf6 4. Nc3 a6 5. Nd5 Qd8 6. Ba4 d6 7. c4 Bd7 8. d4 h6 9. 0-0 Na5 10. Bxd7+ Qxd7 11. dxe5 Nxc4 12. Qc2 Nxe5 13. Nxe5 dxe5 14. Nxc7+ Ke7 15. Nxa8 Nf6 16. Be3 Ne8 17. Nb6 Qc6 18. Nd5+ Kd7 19. Qd1 Bd6 20. Rc1 Qb5 21. Qg4+ Kd8 22. Qc8# 1-0

[Event "OP-2014-0-03602"]
[Site "LSS email"]
[Date "2014.12.29"]
[Round "?"]
[White "Siger, Csaba"]
[Black "Kadirov, Roman"]
[Result "1-0"]
[WhiteElo "1601"]
[BlackElo "800"]
[PlyCount "71"]
[EventDate "2014.12.24"]
[EventType "tourn (corr)"]
[EventRounds "4"]
[EventCountry "GER"]
[SourceTitle "Corr 2022"]
[Source "ChessBase"]
[SourceDate "2021.10.24"]
[SourceVersion "1"]
[SourceVersionDate "2021.10.24"]
[SourceQuality "1"]

1. d4 d5 2. c4 e6 3. Nc3 Nf6 4. Bg5 Be7 5. e3 0-0 6. Nf3 h6 7. Bxf6 Bxf6 8. cxd5 exd5 9. Bd3 c6 10. 0-0 Re8 11. h3 Nd7 12. Qc2 Nf8 13. b4 a6 14. Rab1 Rb8 15. Na4 Be7 16. Rfc1 Bd6 17. Nc5 Ne6 18. a4 Ng5 19. Qe2 Ne4 20. b5 cxb5 21. axb5 a5 22. b6 Qf6 23. Bxe4 dxe4 24. Nd2 Qg6 25. Kh1 Ra8 26. Qb5 Re7 27. Nc4 Bb8 28. d5 Qf6 29. Qb2 Be5 30. Qe2 Bf5 31. Qd1 Bd6 32. Nxd6 Qxd6 33. Qd4 f6 34. Ra1 h5 35. Nb3 a4 36. Rc5 1-0